Sports Quiz

Random Sports or Alphabet Quiz

MLB 'E''Q''U''V' All Stars in Pictures Quiz Stats

 Plays Quiz not verified by Sporcle

Support Sporcle.
Go Orange.
Score 0/20 Timer 06:00
2 Plays Today
Player % Correct
Justin Verlander
98.1%
Joey Votto
95.5%
Dennis Eckersley
91.8%
Edwin Encarnacion
86.6%
Jason Varitek
81.8%
Omar Vizquel
79.9%
Justin Upton
78.4%
Fernando Valenzuela
77.8%
Jim Edmonds
76.4%
Mo Vaughn
73.5%
Player % Correct
Shane Victorino
72.2%
Jacoby Ellsbury
68.1%
Dwight Evans
65.1%
Dan Quisenberry
61%
Frank Viola
57.1%
Andy Van Slyke
53.4%
Jose Vidro
43.8%
Dan Vogelbach
42.9%
Robin Ventura
35.5%
Javier Vazquez
20.2%

You're not logged in!

Compare scores with friends on all Sporcle quizzes.
OR
Log In

From the Vault

Rihanna #1 Hits

by hatessisters

She might just 'run this town' before long.
Remove Ads.
Support Sporcle.
Get the best of Sporcle when you Go Orange. This ad-free experience offers more features, more stats, and more fun while also helping to support Sporcle. Thank you for becoming a member.

Show Comments

Extras

Top Quizzes Today


Score Distribution

Your Account Isn't Verified!

In order to create a playlist on Sporcle, you need to verify the email address you used during registration. Go to your Sporcle Settings to finish the process.

Report this User

Report this user for behavior that violates our Community Guidelines.

Details: